| 000 | 00387cam a22001217a 4500 | ||
|---|---|---|---|
| 008 | 180718b1967 xxu||||| |||| 00| 0 eng d | ||
| 082 | _aA81x54 In2/61/23/Pt2A | ||
| 100 | _aCensus of India 1961 | ||
| 245 | _aNagaland: general population tables | ||
| 260 |
_aDelhi _bThe Manager of Publications _c1967 |
||
| 300 | _a77+p. | ||
| 440 | _aCensus of India 1961. Volume XXIII, Nagaland. Part II-A | ||
| 999 |
_c484019 _d484019 |
||